Sanchita karma and other tales of ethics and choice from India / (Record no. 190290)
[ view plain ]
| 000 -LEADER | |
|---|---|
| fixed length control field | 00539nam a22001937a 4500 |
| 005 - DATE AND TIME OF LATEST TRANSACTION | |
| control field | 20220721151313.0 |
| 010 ## - LCCN (DPL NO) | |
| LC control number | ENG-133807 |
| 020 ## - INTERNATIONAL STANDARD BOOK NUMBER | |
| International Standard Book Number | 9781615993932 |
| Terms of availability | 1174.00 |
| 035 ## - SYSTEM CONTROL NUMBER | |
| System control number | EN-117339 |
| 037 ## - SOURCE OF ACQUISITION | |
| Source of stock number/acquisition | DBAD/PUB |
| 082 ## - DEWEY DECIMAL CLASSIFICATION NUMBER | |
| Classification number | S |
| 100 ## - MAIN ENTRY--PERSONAL NAME | |
| Personal name | Dominic, K.V. |
| 245 ## - TITLE STATEMENT | |
| Title | Sanchita karma and other tales of ethics and choice from India / |
| Statement of responsibility, etc | by K.V. Dominic |
| 250 ## - EDITION STATEMENT | |
| Edition statement | |
| 260 ## - PUBLICATION, DISTRIBUTION, ETC. (IMPRINT) | |
| Place of publication, distribution, etc | MI |
| Name of publisher, distributor, etc | Modern History Press |
| Date of publication, distribution, etc | 2018 |
| 270 ## - ADDRESS | |
| Address | 5145 Pontiac Trail, Ann Arbor |
| City | MI |
| Postal code | 48105 |
| 300 ## - PHYSICAL DESCRIPTION | |
| Extent | 130p. |
| Dimensions | 23cm(pbk) |
| 942 ## - ADDED ENTRY ELEMENTS (KOHA) | |
| Source of classification or shelving scheme | Dewey Decimal Classification |
| Item type | English Books |
| Classification part | S |
| Call number suffix | DOM |
| Withdrawn status | Lost status | Not for loan | Collection code | Home library | Current library | Date acquired | Source of acquisition | Cost, normal purchase price | Full call number | Barcode | Copy number | Cost, replacement price | Koha item type |
|---|---|---|---|---|---|---|---|---|---|---|---|---|---|
| Non-fiction | Bawana | Bawana | 21/07/2022 | DBAD/PUB | 1174.00 | S DOM | EN-117339 | 1 | 1174.00 | English Books |
